|
|
|
|
| LEADER |
00000cam a2200000 a 4500 |
| 001 |
vtls010074672 |
| 003 |
SK-MaSNL |
| 005 |
20260301030550.0 |
| 008 |
240314s2009 xr oa g 000 0 cze |
| 020 |
|
|
|a 9788073351441
|q (brož.)
|
| 040 |
|
|
|a SNK
|b slo
|c SNK
|e AACR2
|
| 041 |
0 |
|
|a cze
|a chi
|
| 044 |
|
|
|a xr
|c CZ
|
| 072 |
|
7 |
|a 811.58
|x Čínske jazyky
|2 konspekt
|
| 080 |
|
|
|a 811.581
|2 2001
|
| 080 |
|
|
|a 81'373
|2 2001
|
| 080 |
|
|
|a 81'24
|2 2001
|
| 080 |
|
|
|a (075)
|2 2001
|
| 080 |
|
|
|a (075.2)
|2 2001
|
| 100 |
1 |
|
|a Hábová, Milada
|4 aut
|9 324640
|
| 245 |
1 |
0 |
|a Moderní čínština moderní metodou
|b nová slovíčka a výrazy, čítanka, konverzace, slovníčky z lekcí
|c Milada Hábová
|
| 250 |
|
|
|a 1. vyd.
|
| 260 |
|
|
|a Voznice
|b Leda
|c 2009
|
| 300 |
|
|
|a [66] s.
|b fareb. fotogr. a ilustr.
|c 30 cm
|e 2 CD-ROM
|
| 500 |
|
|
|a Rozlož. tit. strana
|
| 504 |
|
|
|a Slovníček
|
| 650 |
0 |
7 |
|a čínština
|2 SNKPH
|9 71821
|
| 650 |
0 |
7 |
|a slovná zásoba
|2 SNKPH
|9 66837
|
| 650 |
0 |
7 |
|a konverzácia
|2 SNKPH
|9 49849
|
| 650 |
0 |
7 |
|a Chinese language
|2 SNKPHeng
|9 313942
|
| 650 |
0 |
7 |
|a Vocabulary
|2 SNKPHeng
|9 101868
|
| 650 |
0 |
7 |
|a Conversation, terms and phrases
|2 SNKPHeng
|9 314419
|
| 655 |
|
7 |
|a učebnice
|2 SNKPH
|9 22521
|
| 655 |
|
7 |
|a čítanky
|2 SNKPH
|9 60817
|
| 655 |
|
7 |
|a Textbooks
|2 SNKPHeng
|9 276731
|
| 655 |
|
7 |
|a Readers
|2 SNKPHeng
|9 300493
|
| 919 |
|
|
|a 978-80-7335-144-1
|
| 999 |
|
|
|c 574679
|d 576609
|
| 952 |
|
|
|a SNK
|b SNKPULT
|y VYP
|7 0
|p 17A0834697
|o snkIB 72527/[B]
|i snk2012/744
|8 4
|g 11.07
|3 Dokument obsahuje 2 príl. - 2 CD
|z
|0 0
|1 0
|4 0
|d 2011-11-15
|l 1
|q 2026-06-26
|r 2026-05-27 11:01:52
|s 2026-05-27
|w 2026-02-23
|
| 952 |
|
|
|a SNK
|b SNK
|y PREZ
|7 0
|p 17A0798693
|o snkIB 72527/príl.1
|i snk2012/744
|8 4
|3
|z 1 CD
|0 0
|1 0
|4 0
|d 2011-11-15
|l 0
|r 2026-02-23 14:28:54
|w 2026-02-23
|
| 952 |
|
|
|a SNK
|b SNK
|y PREZ
|7 0
|p 17A0798694
|o snkIB 72527/príl.2
|i snk2012/744
|8 4
|3
|z 1 CD
|0 0
|1 0
|4 0
|d 2011-11-15
|l 0
|r 2026-02-23 14:28:54
|w 2026-02-23
|